Strategickým modelom je kanibalizmus. Svetová letecká doprava sa nachádza uprostred nemilosrdnej cenovej vojny.

Bankrot PanAm začiatkom cenovej vojny v tomto odvetví. Rast strát podľa IATA. Prejavy recesie a jej zhubné dôsledky. USA. Situácia v Európe, snaha znižovať náklady a deregulácia. Európsky trh. Porovnanie obratu 25 najväčších leteckých spoločností sveta 1991/1992. M and A (spájanie a preberanie menší...

Descrizione completa

Salvato in:
Dettagli Bibliografici
Autore principale: Hričovský, M.
Natura: Capitolo di libro
Lingua:slovacco
Soggetti:
Tags: Aggiungi Tag
Nessun Tag, puoi essere il primo ad aggiungerne!!

MARC

LEADER 00000naa a2200000 4500
001 r011828
005 20220826095016.9
041 0 |a slo 
044 |a [CS] 
245 1 0 |a Strategickým modelom je kanibalizmus.  |b Svetová letecká doprava sa nachádza uprostred nemilosrdnej cenovej vojny.  |c M. Hričovský 
520 |a Bankrot PanAm začiatkom cenovej vojny v tomto odvetví. Rast strát podľa IATA. Prejavy recesie a jej zhubné dôsledky. USA. Situácia v Európe, snaha znižovať náklady a deregulácia. Európsky trh. Porovnanie obratu 25 najväčších leteckých spoločností sveta 1991/1992. M and A (spájanie a preberanie menších spoločností gigantami) ako riešenie. 
610 2 0 |a doprava letecká 
610 2 0 |a ceny 
610 2 0 |a konkurencia 
610 2 0 |a spoločnosti letecké 
610 2 0 |a USA 
610 2 0 |a Európa 
100 1 |a Hričovský, M.